Loading...
| History - Other History | 0 | 4 | 0 | 1 | 40 | 56 | 75.25 | 0 | 2 |
| Social Science | 0 | 3 | 0 | 0 | 30 | 61 | 81.00 | 0 | 0 |
| History - World History | 0 | 3 | 0 | 0 | 30 | 48 | 65.00 | 0 | 0 |
| Geography | 0 | 3 | 1 | 0 | 25 | 40 | 67.00 | 1 | 2 |
| Philosophy | 0 | 2 | 0 | 0 | 20 | 62 | 83.00 | 1 | 1 |
| Fine Arts - Other Fine Arts | 0 | 1 | 0 | 1 | 10 | 93 | 93.00 | 0 | 1 |
| Literature - World Literature | 0 | 1 | 0 | 0 | 10 | 88 | 88.00 | 0 | 0 |
| Mythology | 0 | 1 | 0 | 0 | 10 | 112 | 112.00 | 0 | 0 |
| History - European History | 0 | 1 | 0 | 0 | 10 | 58 | 58.00 | 0 | 1 |
| Religion | 0 | 1 | 1 | 0 | 5 | 32 | 32.00 | 1 | 1 |
| History - American History | 0 | 0 | 1 | 0 | -5 | 0.00 | 0 | 0 | |
| Science - Physics | 0 | 0 | 1 | 0 | -5 | 0.00 | 0 | 0 | |
| Current Events | 0 | 0 | 1 | 0 | -5 | 0.00 | 0 | 0 |